| 000 | 00754nam a2200229 a 4500 | ||
|---|---|---|---|
| 999 |
_c6330 _d6330 |
||
| 001 | 6330 | ||
| 003 | BD-JhCC | ||
| 005 | 20180310175441.0 | ||
| 008 | 180121s2005 bg |||| ||a| 000 0 ben d | ||
| 020 | _a984401 | ||
| 035 | _a(BD-JhCC)6330 | ||
| 040 |
_aBD-JhCC _dBD-JhCC |
||
| 041 | _aben | ||
| 082 |
_a297.1226 _bHAN 2005 |
||
| 100 | _aহাননান, ড. মোহাম্মদ | ||
| 245 |
_aপবিত্র কোরআন : _bবাংলা অনুবাদের নানা প্রসঙ্গ / _cড. মোহাম্মদ হাননান |
||
| 260 |
_aঢাকা : _bআগামী প্রকাশনী, _c২০০৫. |
||
| 300 |
_a111 p. : _c21 cm. |
||
| 650 | _aAL Quran | ||
| 942 |
_2ddc _cBK |
||